01348nam a2200409 i 450000100060000000300090000600500170001500800410003201500180007302000150009104000280010604100080013404600090014208000230015110000420017424501050021624600330032126000580035430000340041233600270044633700540047333800280052738000160055538000270057138500390059838800100063750000460064750400140069364800140070764800140072165000150073565000110075065100110076165500170077265800510078985600980084040475KOSZ 00520240405063132.0011017s2001 pl a |000 0 pol  aPB 2001/17494 a8391097749 aWA NcWA NdKOSZ 005/HR0 apol k2001 a324(438)"1989/..."1 aPiasecki, Andrzej K.d(1962- )eAutor10aWybory i referenda w Polsce (1989-2000) :bskrypt i materiały źródłowe /cAndrzej K. Piasecki.14aWybory, referenda 1989-2000. aZielona Góra ;a[Turek :bAndrzej Piasecki],c2001. a170 s. :bil., mapy ;c24 cm. 2rdacontentaTekstbtxt 2rdamediaaBez urządzenia pośredniczącegobn 2rdacarrieraWoluminbnc aKsiążki aPublikacje dydaktyczne mPoziom nauczaniaaSzkoły wyższe a2001- aTyt. okł. : Wybory, referenda 1989-2000. aBibliogr. 4a1901-2000 4a1989-2000 4aReferendum 4aWybory 4aPolska 4aPodręcznik aPolityka, politologia, administracja publiczna uhttp://koha.tu.koszalin.pl/cgi-bin/koha/opac-detail.pl?biblionumber=40475yKatalog online BPK